Design and testing of electrical machines (Record no. 23295)

000 -LEADER
fixed length control field 00477nam a22001817a 4500
001 - CONTROL NUMBER
control field 23295
003 - CONTROL NUMBER IDENTIFIER
control field BD-DhUET
008 - FIXED-LENGTH DATA ELEMENTS--GENERAL INFORMATION
fixed length control field 150503b xxu||||| |||| 00| 0 eng d
040 ## - CATALOGING SOURCE
Original cataloging agency DLC
Transcribing agency DLC
Modifying agency BD-DhUET
082 ## - DEWEY DECIMAL CLASSIFICATION NUMBER
Classification number 623.13072
Item number DES/1983
100 ## - MAIN ENTRY--PERSONAL NAME
Personal name Deshpande, M. V.
245 ## - TITLE STATEMENT
Title Design and testing of electrical machines
250 ## - EDITION STATEMENT
Edition statement 1st ed.
260 ## - PUBLICATION, DISTRIBUTION, ETC. (IMPRINT)
Place of publication, distribution, etc. Allahabad
Name of publisher, distributor, etc. Wheeler
Date of publication, distribution, etc. 1983
300 ## - PHYSICAL DESCRIPTION
Extent xvi, 516 p.
Other physical details ill.
650 #0 - SUBJECT ADDED ENTRY--TOPICAL TERM
Topical term or geographic name as entry element Electrical machinery experiments
942 ## - ADDED ENTRY ELEMENTS (KOHA)
Koha item type General Book
Holdings
Shelving location Koha full call number Source of classification or shelving scheme Koha normalized classification for sorting Piece designation (barcode) Sublocation or collection (holding branch) Lost status Location (home branch) Damaged status Withdrawn status Not for loan Price effective from Koha item type Date acquired Koha date last seen Copy number
Circulation section623.13072/DES/1983 623_130720000000000_DES_198372434Central Library, BUET Central Library, BUET   2015-05-03General Book2015-05-032015-05-031
Circulation section623.13072/DES/1983 623_130720000000000_DES_198372432Central Library, BUET Central Library, BUET   2015-05-03General Book2015-05-032015-05-032
Circulation section623.13072/DES/1983 623_130720000000000_DES_198372431Central Library, BUET Central Library, BUET   2015-05-03General Book2015-05-032016-04-113
Circulation section623.13072/DES/1983 623_130720000000000_DES_198372433Central Library, BUET Central Library, BUET   2015-05-03General Book2015-05-032015-05-034
Reading section623.13072/DES/1983 623_130720000000000_DES_198372435Central Library, BUET Central Library, BUET   2015-06-28Reading Item2015-06-282015-06-285
Reading section623.13072/DES/1983 623_130720000000000_DES_198372683Central Library, BUET Central Library, BUET   2015-06-28Reading Item2015-06-282015-06-286